Computer Networking Illuminated (Record no. 311888)
[ view plain ]
| 000 -LEADER | |
|---|---|
| fixed length control field | 00252 a2200109 4500 |
| 001 - CONTROL NUMBER | |
| control field | 76815 |
| 082 ## - DEWEY DECIMAL CLASSIFICATION NUMBER | |
| Classification number | 004.BAR |
| 090 ## - LOCALLY ASSIGNED LC-TYPE CALL NUMBER (OCLC); LOCAL CALL NUMBER (RLIN) | |
| -- | 39267 |
| -- | 39267 |
| 100 ## - MAIN ENTRY--PERSONAL NAME | |
| Personal name | Barrett D |
| 245 ## - TITLE STATEMENT | |
| Title | Computer Networking Illuminated |
| 260 ## - PUBLICATION, DISTRIBUTION, ETC. | |
| Place of publication, distribution, etc. | Boston |
| Name of publisher, distributor, etc. | Jones and Bartlett Pub |
| 942 ## - ADDED ENTRY ELEMENTS (KOHA) | |
| Institution code [OBSOLETE] | NUST-CAE |
| Call number prefix | 004.BAR |
| Withdrawn status | Lost status | Damaged status | Not for loan | Collection code | Permanent Location | Current Location | Date acquired | Total Checkouts | Full call number | Barcode | Date last seen | Price effective from | Koha item type |
|---|---|---|---|---|---|---|---|---|---|---|---|---|---|
| College of Aeronautical Engineering (CAE) | College of Aeronautical Engineering (CAE) | 04/03/2017 | 004.BAR | CAEN-3199 | 04/05/2017 | 04/05/2017 | Book |
